Normal view
MARC view
- ابراهيم، عبد العزيز عبد الغني
Entry Personal Name
001 - CONTROL NUMBER
- control field: 19676
003 - CONTROL NUMBER IDENTIFIER
- control field: JO-AjAnu
005 - DATE AND TIME OF LATEST TRANSACTION
- control field: 20230606073432.0
008 - FIXED-LENGTH DATA ELEMENTS
- fixed length control field: 230606|| aca||aabn | a|a d
040 ## - CATALOGING SOURCE
- Original cataloging agency: JO-AjAnu
- Transcribing agency: JO-AjAnu
100 ## - HEADING--PERSONAL NAME
- Personal name: ابراهيم، عبد العزيز عبد الغني
670 ## - SOURCE DATA FOUND
- Source citation: Work cat.: (JO-AjAnu)10102: ابراهيم، عبد العزيز عبد الغني, author, أمراء وغزاة: قصة الحدود والسيادة الإقليمية في الخليج(دراسة وثائقية)